| 000 | 00553nam a2200181 i 4500 | ||
|---|---|---|---|
| 001 | 64208 | ||
| 003 | ES-MaACL | ||
| 005 | 20230906165054.0 | ||
| 007 | t| | ||
| 008 | 031222s1966 sp ||||1| spa d | ||
| 100 | 1 |
_aFlocón, Albert. _951227 |
|
| 245 | 1 | 3 |
_aLa perspectiva / _cAlbert Flocón y René Taton ; [traducción por Amadeo Rovira Martín]. |
| 260 |
_aMadrid : _bTecnos, _c1966. |
||
| 300 |
_a163 p. : _bil. ; _c22 cm. |
||
| 700 | 1 |
_aRovira Martín, Amadeo. _9100149 |
|
| 700 | 1 |
_aTaton, René. _9109394 |
|
| 852 |
_aES-MaACL _jC-30293 _bR.60209 |
||
| 999 |
_c64208 _d64208 |
||